Organizačná štruktúra útvaru kvality v MPC, a.s., Spišská Nová Ves : Diplomová práca

Salvato in:
Dettagli Bibliografici
Autore principale: Kožár, Rastislav (Autore)
Altri autori: Kapoun, Ľubomír (xxx)
Natura: Manoscritto Libro
Lingua:slovacco
Pubblicazione: Trnava : STU v Bratislave MtF KMK, 1999
Soggetti:
Tags: Aggiungi Tag
Nessun Tag, puoi essere il primo ad aggiungerne!!

MARC

LEADER 00000ntm a22000003a 4500
001 stu53964
005 20160719155208.3
008 000608s1999----xo------------------slo-d
040 |a STU  |b slo 
041 0 |a slo 
044 |a xo 
100 1 |a Kožár, Rastislav  |4 aut 
245 1 |a Organizačná štruktúra útvaru kvality v MPC, a.s., Spišská Nová Ves :  |b Diplomová práca 
260 |a Trnava :  |b STU v Bratislave MtF KMK,  |c 1999 
300 |a 85 s  |c výťah 
650 7 |a Kvalita-útvary-štruktúra organizačná  |2 stusub 
650 7 |a inžinierstvo kvality produkcie  |2 stusub 
700 1 |a Kapoun, Ľubomír  |4 xxx 
996 |b 284M009143  |c M*DP-511  |l MMSKP  |s P  |a 0  |w stu53964_0001